000 00668nam a22002177a 4500
005 20260305124733.0
008 260305b |||||||| |||| 00| 0 eng d
020 _a9781444334685 (pbk)
040 _cPK-LaUMT
082 _a613.71
_bNUT-
245 _aSport and exercise nutrition /
_cedited by Susan A Lanham-New, Sangita Sharma, and Leanne Hodson
260 _aWest Sussex :
_bJohn Wiley
_c2011
300 _a374 p.
490 _aThe Nutrition Society textbook series
650 _xPhysiological aspects
650 _xPhysiological aspects
650 _xSciences
700 _aSusan A Lanham-New,
_99625
700 _aSangita Sharma,
_99626
942 _cBK
999 _c139991
_d139991